000 00730nam a22002057a 4500
003 OSt
005 20251127112259.0
008 251127b |||||||| |||| 00| 0 eng d
020 _a978-1-60427-011-2
040 _aDWC-Main lib.
_cOC
082 _aCirc. 720.68 B617p 2008
100 _aBirnberg, Howard G.
245 _aProject management for designers and facilities managers/
_cHoward G. Birnberg
260 _aU.S.A. :
_bJ. Ross Publishing,
_cc2008.
300 _axv, 243 pages :
_billustrations ;
_c24 cm.
504 _aIncludes bibliographical references.
650 _a1. Architectural firms--United States--Management.
650 _a2. Engineering firms--United States--Management.
942 _2ddc
_cBK-CIRC
_kCirc.
_n0
999 _c6453
_d6453